000 00528nam a2200205Ia 4500
003 GCL
008 140319s9999 xx 000 0 eng d
040 _aGCL /
_cGCL
082 0 4 _a658
_bW M
100 1 _aWRIGHT, PATRICK M
245 1 0 _aMANAGEMENT OF ORGANIZATIONS /
_cWRIGHT, PATRICK M
700 1 _aNOE, RAYMOND A
260 _a[S.N] :
_bIRWIN ،
_c1996
300 _a857 P
650 0 4 _aORGANIZATION
650 0 4 _aMANAGEMENT
650 0 4 _aINDUSTRIAL MANAGEMENT
650 0 4 _aMANAGEMENT - SCIENCES
942 _2ddc
_cBK
999 _c13541
_d13541